000 00685nam a2200253Ia 4500
003 OSt
005 20220924122536.0
006 a|||||r|||| 00| 0
007 ta
008 220923b |||||||| |||| 00| 0 urd d
020 _c1
024 _a320984
037 _cTextual
040 _aARTS
_cARTS
_burd
041 _2urd
_aurd
082 _aQ7w, 168M0
100 _aNadvi Abul Hasan Au.
245 0 _a2 Insani chehre
_bQurani muraqqa mein
260 _aLuckhnow
_bMajlis-e-tahqiqat-o-nashriyat islam India
_c1980
300 _a29p.
_ccm.
650 _aISLAM
_9577
942 _hQ7w, 168M0
_cTEXL
_2CC
999 _c412046
_d412046